000
00302nam a22001457a 4500
008
210429b ||||| |||| 00| 0 eng d
020
_a
73335
041
_a
eng
080
_a
521
082
_a
521
100
_a
42
101
_a
AST
245
_a
Popular Science
_c
Philip Firedman
942
_2
udc
_c
BK
999
_c
56943
_d
56943